Tristan da Cunha Trivia - Statistics

General Stats
  • This quiz has been taken 17 times
  • The average score is 9 of 15
Answer Stats
Hint Answer % Correct
Tristan da Cunha is part of this country United Kingdom
100%
Country that discovered Tristan da Cunha in 1506 Portugal
88%
First country recorded to have successfully landed on the island Netherlands
81%
And forms one collective territory with these two other remote islands Saint Helena
81%
Over half of Tristan da Cunha's population is thought to suffer from this respiratory condition Asthma
75%
Nearest country and major city Cape Town
75%
Only village on the island—has a population of 246 {Edinburgh} of the Seven Seas
75%
Nearest country and major city South Africa
75%
And forms one collective territory with these two other remote islands Ascension
69%
What caused the entire island to briefly evacuate on October 10, 1961? Volcanic eruption
63%
Uninhabited island 33 km southwest (steep cliffs make it hard to access) Inaccessible Island
44%
Main crop grown on Tristan da Cunha Potato
44%
Penguin species that mainly breeds in the Tristan archipelago Northern {rockhopper}
25%
Highest point on Tristan da Cunha {Queen} {Mary}'s Peak
25%
Name given to the archipelago by American sailor Jonathan Lambert, the self-proclaimed ruler before he drowned in 1812 Islands of {Refreshment}
13%
No matching quizzes found
Score Distribution
Percent of People with Each Score
Percentile by Number Answered
Your Score History
You have not taken this quiz